Угорська революція 1956 р. як наслідок загострення суспільно-політичних та соціально-економічних протиріч в Угорщині у 1949-1956 рр. (Запис № 351170)

МАРК-запис
000 -Лідер
fixed length control field 02007nam a22002777a 4500
003 - Ідентифікатор контрольного номера
control field UA-OsUOA
001 - Контрольний номер
control field 65057
007 - Фіксоване поле фізичного опису
fixed length control field ta
008 - Елементи даних фіксованої довжини – загальна інформація
fixed length control field 20091112b un ||||| |||| 00| 0 ukr d
090 ## - Локальний шифр розміщення
Класифікаційний індекс УДК 94(439)
Авторський знак (НП) Л87
040 ## - Джерело каталогізації
Агенція оригінальної каталогізації UA-OsUOA
Мова каталогізації ukr
Агенція, яка здійснювала перезапис UA-OsUOA
Агенція, яка здійснювала модифікацію UA-OsUOA
041 ## - Код мови
Код мови тексту/ звукової доріжки чи окремого заголовка (П) ukr
080 ## - Індекс Універсальної десяткової класифікації
Індекс Універсальної десяткової класифікації (УДК) (НП) 94(439)
020 ## - Міжнародний стандартний книжковий номер (ISBN)
Міжнародний стандартний книжковий номер (ISBN) (НП) 978-966-660-460-9
100 ## - Основне введення – ім’я особи
Ім’я особи (НП) Лущай В.І.
245 ## - Відомості про назву
Назва (НП) Угорська революція 1956 р. як наслідок загострення суспільно-політичних та соціально-економічних протиріч в Угорщині у 1949-1956 рр.
Решта назви (НП) Монографія
260 ## - Публікація, розповсюдження і т.п. (Вихідні дані)
Місце публікації, розповсюдження і т.п. (П) К.
Дата публікації, розповсюдження і т.п. (П) 2003
300 ## - Фізичний опис
Обсяг 230 с.
520 3# - Резюме і т.п.
Резюме, реферат, анотація, тощо (НП) У монографічному дослідженні на основі системного аналізу широкої джерельної бази та наукової літератури досліджується загострення суспільно-політичної, економічної та духовної кризи Угорщини в 1949-1956 рр. Детально відтворено перебіг подій впродовж У
520 3# - Резюме і т.п.
Резюме, реферат, анотація, тощо (НП) горської революції 1956 р., яка стала апогеєм кризи тоталітарного комуністичного режиму під впливом внутрішньо- та зовнішньополітичних чинників.Зміст.Розділ 1. Огляд історіграфії та джерельної бази монографії.Розділ 2. Формування тоталітарного р
520 3# - Резюме і т.п.
Резюме, реферат, анотація, тощо (НП) ежиму в Угорщині 1949-1953 рр.Розділ 3. Суспільно-політичне становище в Угорщині 1953-жовтень 1956 рр.Розділ 4. Угорська революція 1956 р.
650 #7 - Додаткове предметне введення – тематичний термін
Тематичний термін чи географічна назва, як елемент введення (НП) 9 Географія. Біографії. Історія
Джерело заголовка чи терміна UDC
942 ## - Додаткові елементи входу (Коха)
Тип елемента Koha Книги
955 ## - Код типу видання за змістом
Код типу видання за змістом (НП) Наукові видання
Фонди
Стан вилучень Стан втрат Джерело класифікації або схеми стелажів Стан уражень Не для кредиту Постійне місце розташування Поточне розміщення Дата придбання Джерело придбання Вартість, звичайна ціна покупки Інвентарний номер Повний номер виклику Штрих-код Дата останнього перегляду Ціна ефективна від Тип елемента Koha Примітка, призначена для загального доступу
    Universal Decimal Classification     ЧЗ - Читальна зала ЧЗ - Читальна зала 12/11/2009 129/2009 5.00 124659 94(439) Л87 124659 29/09/2021 12/11/2009 Книги з автографом